| 000 | 00864cab a2200253 4500 | ||
|---|---|---|---|
| 001 | ABS46340 | ||
| 008 | 090401t1992 xxu||||| |||| 00| 0 eng d | ||
| 035 | _a(Sirsi) u57885 | ||
| 041 | _aeng | ||
| 100 | _aMacneil, J. | ||
| 245 | _aArch arrival | ||
| 260 | _c1992 | ||
| 350 | _a0 | ||
| 490 |
_aBuilding _v257(7744) 8 May 1992, 34-38(5) |
||
| 520 | _aWaterloo railway station`s new international terminal is dominated by a roof of striking design, the conception and construction of which are described here. | ||
| 650 | _aBUILDING PROJECTS | ||
| 650 | _aFAST TRACK CONSTRUCTION | ||
| 650 | _aBUILT ENVIRONMENT-BUILDING ELEMENTS-COMPLETE BUILDING ELEMENTS-ROOFS | ||
| 650 | _aWATERLOO INTERNATIONAL TERMINAL | ||
| 690 | _aBUILT ENVIRONMENT-CONSTRUCTION DESIGN | ||
| 690 | _aBUILDING AND CONSTRUCTION-PROJECTS | ||
| 942 | _n0 | ||
| 948 | _c04/03/1997 | ||
| 999 |
_c35337 _d35337 |
||